Statistics for Formula 1 Analogies

Click here to take the quiz!

General Stats

  • This quiz has been taken 352 times
    (327 since last reset)
  • The average score is 13 of 19

Answer Stats

This is to this ...As …% Correct
Mercedes is to Silver/blackFerrari is to {Red}
100%
Hamilton is to MercedesNorris is to {McLaren}
98%
Pérez is to MexicoRäikkönen is to {Finland}
97%
Gasly is to TsunodaLeclerc is to {Sainz}
94%
Monza is to ItalySpa-Francorchamps is to {Belgium}
90%
Tall is to OconShort is to {Tsunoda}
85%
Michael is to Mick{Keke} is to Nico
83%
Renault is to Alpine{Racing Point} are to Aston Martin
79%
Verstappen is to Orange ArmyFerrari is to {Tifosi}
76%
Ricciardo is to Dive BombMazepin is to {Spin}
71%
Jenson Button is to 2009Jody Scheckter is to {1979}
63%
McLaren/Ferrari is to SpygateRenault is to {Crashgate}
54%
Red Bull is to Milton KeynesFerrari is to {Maranello}
53%
Senna is to MonacoVettel is to {Singapore}
45%
Mercedes is to Toto WolffAlfa Romeo is to {Frederic} {Vasseur}
43%
Williams is to
Camel/Rothmans
McLaren is to
{Marlboro/West}
41%
Murray Walker is to James
Hunt
David Croft is to
{Martin} {Brundle}
39%
UK is to Race #1{China} is to race #1000
37%
Russell is to ARTAlbon is to {DAMS}
20%

Score Distribution

Percentile by Number Answered

Percent of People with Each Score

Your Score History

You have not taken this quiz since the last reset